Women in Egyptian public life / (Record no. 6972)
[ view plain ]
| 000 -LEADER | |
|---|---|
| fixed length control field | 00921nac a22002651u 4500 |
| 010 ## - LIBRARY OF CONGRESS CONTROL NUMBER | |
| LC control number | 85026221 |
| 020 ## - INTERNATIONAL STANDARD BOOK NUMBER | |
| International Standard Book Number | 0815623542 (alk. paper) |
| 082 00 - DEWEY DECIMAL CLASSIFICATION NUMBER | |
| Classification number | 305.40962 |
| Item number | SUL |
| 090 ## - LOCALLY ASSIGNED LC-TYPE CALL NUMBER (OCLC); LOCAL CALL NUMBER (OCLC) | |
| -- | 6972 |
| -- | 6972 |
| 100 ## - MAIN ENTRY--PERSONAL NAME | |
| Personal name | Sullivan, Earl L. |
| 245 10 - TITLE STATEMENT | |
| Title | Women in Egyptian public life / |
| Statement of responsibility, etc | Earl L. Sullivan. |
| 250 ## - EDITION STATEMENT | |
| Edition statement | 1st ed. |
| 260 ## - PUBLICATION, DISTRIBUTION, ETC. (IMPRINT) | |
| Place of publication, distribution, etc | Syracuse, N.Y. : |
| Name of publisher, distributor, etc | Syracuse University Press,1986 |
| Date of publication, distribution, etc | 1986. |
| 300 ## - PHYSICAL DESCRIPTION | |
| Extent | xiii, 223 p. ; |
| Dimensions | 24 cm. |
| 440 #0 - | |
| -- | Contemporary issues in the Middle East |
| 500 ## - GENERAL NOTE | |
| General note | Includes index. |
| 500 ## - GENERAL NOTE | |
| General note | distributer: Al-Ahram |
| 504 ## - BIBLIOGRAPHY, ETC. NOTE | |
| Bibliography, etc | Bibliography: p. 207-215. |
| 511 ## - PARTICIPANT OR PERFORMER NOTE | |
| Participant or performer note | catalogued by: wessam |
| 650 #0 - SUBJECT ADDED ENTRY--TOPICAL TERM | |
| Topical term or geographic name as entry element | Women in public life |
| Geographic subdivision | Egypt. |
| 650 #0 - SUBJECT ADDED ENTRY--TOPICAL TERM | |
| Topical term or geographic name as entry element | Women in politics |
| Geographic subdivision | Egypt. |
| 650 #0 - SUBJECT ADDED ENTRY--TOPICAL TERM | |
| Topical term or geographic name as entry element | Businesswomen |
| Geographic subdivision | Egypt. |
| 942 ## - ADDED ENTRY ELEMENTS (KOHA) | |
| Item type | Book - Borrowing |
| Call number prefix | 305.40962SUL |
| Withdrawn status | Item status | Materials specified (bound volume or other part) | Damaged status | Not for loan | Home library | Current library | Shelving location | Date acquired | Source of acquisition | Total Checkouts | Full call number | Barcode | Date last seen | Date last borrowed | Koha item type |
|---|---|---|---|---|---|---|---|---|---|---|---|---|---|---|---|
| Lost | Lost In Inventory_2015-8-23 | Central Library | Central Library | First floor | 07/12/2010 | Purchase | 2 | 305.40962SUL | 000008237 | 21/05/2009 | 14/04/2009 | Book - Borrowing | |||
| Central Library | Central Library | First floor | 08/01/2016 | Purchase | 9 | 305.40962SUL | 000008828 | 15/07/2025 | 13/11/2013 | NB - Book (Non borrowing) |